000 00225nam a22000857a 4500
008 170616b xxu||||| |||| 00| 0 eng d
100 _93430
_aGoyal Brothers
245 _aSocial studies class - 5
260 _aNew Delhi
_bG. B. P
_c2010
999 _c6799
_d6799